Statistiques concernant Films Ghibli par Emojis

Cliquez ici pour prendre le quiz!

Statistiques générales

  • Ce quiz a été pris 2 833 fois
  • Le résultat moyen est 7 sur 10

Statistiques - réponses

EmojisFilms% Correct
Mon voisin Totoro
90%
Kiki la petite sorcière
87%
Porco Rosso
83%
Princesse Mononoké
83%
Ponyo sur la falaise
81%
Le Voyage de Chihiro
76%
Le Château dans le ciel
65%
Le Tombeau des lucioles
58%
Le vent se lève
39%
Si tu tends l'oreille
22%

Distribution des résultats

Percentile par nombre de réponses

% des personnes avec chaque résultat

Votre développement - résultats

Vous n’avez pas pris ce quiz